| 000 | 00000nam 2200000za 4500 |
| 001 | 9.688462 |
| 003 | CaOODSP |
| 005 | 20210624231433 |
| 007 | cr ||||||||||| |
| 008 | 150407s1998 onc|||||o f|0| 0 eng d |
| 040 | |aCaOODSP|beng |
| 043 | |an-cn--- |
| 086 | 1 |aSW21-22/1998E-PDF |
| 110 | 1 |aCanada. |bStatus of Women Canada. |
| 245 | 10|aFinding data on women |h[electronic resource] : |ba guide to the major data sources at Statistics Canada / |c[by] Marcia Almey. |
| 260 | |aOttawa : |bStatus of Women Canada, |c1998. |
| 300 | |a133 p. : |bglossary. |
| 500 | |aThe catalogue number and ISBN for the 1998 print edition have been printed in this electronic edition. |
| 520 | 3 |aThis guide is intended as a reference tool for data users of all kinds, from interested individuals to grassroots action researchers, from policy analysts to veteran regression analysts. The guide indicates how to find the major surveys, analytical articles, monographs, and other Statistic Canada data sources.--Page v. |
| 590 | |a06-10-Supp|b2006-12-15 |
| 690 | 07|aInformation|2gcpds |
| 690 | 07|aWomen|2gcpds |
| 690 | 07|aStatistics|2gcpds |
| 720 | 1 |aAlmey, Marcia |
| 775 | 08|tÀ la recherche de données sur les femmes |w(CaOODSP)9.632887 |
| 776 | 0#|tFinding data on women : |w(CaOODSP)9.646868 |
| 794 | |tFinding data on women |w(CaOODSP)9.689281 |
| 856 | 40|ahttp://publications.gc.ca|qPDF|s655 KB|uhttps://publications.gc.ca/collections/Collection/SW21-22-1998E.pdf |